Statistics for Left Handed Presidents

Click here to take the quiz!

General Stats

  • This quiz has been taken 48 times
  • The average score is 5 of 8

Answer Stats

President% Correct
Barack Obama
95%
Bill Clinton
78%
George H.W. Bush
78%
Ronald Reagan
73%
Gerald Ford
63%
Harry Truman
60%
Herbert Hoover
50%
James Garfield
43%

Score Distribution

Percentile by Number Answered

Percent of People with Each Score

Your Score History

You have not taken this quiz